000 00825nam a22002417a 4500
003 UA-OsUOA
001 40664
007 ta
008 20060819b un ||||| |||| 00| 0 ukr d
090 _a81.347.2-161.1
_bР75
942 _cBK
040 _aUA-OsUOA
_bukr
_cUA-OsUOA
_dUA-OsUOA
245 _aРосійсько-український словник наукової термінології
_cЙ.Ф.Андреш,С.А.Воробйова,М.В.Кравченко
300 _a600 с.
955 _a2
041 _aukr
080 _a81.347.2-161.1
020 _a5-12-002638-9
260 _aК.
_bНаукова думка
_c1994
246 3 1 _aСуспільні науки
_n
650 7 _a8 Мовознавство. Художня література. Літературознавство
_2UDC
999 _c326806
_d326806